Mapa inženýrskogeologického rajonování ČSR List 13-13, Brandýs nad Labem - Stará Boleslav

Další autoři: Zeman, Miroslav, 1946-
Jazyk: Čeština
Vydáno: Praha : Český geologický ústav, 2001
Vydání: Vyd. 1.
Edice: Soubor geologických a ekologických účelových map přírodních zdrojů
Témata:
Fyzický popis: 2 listy ; 47 x 69 cm složené na 24 x 18 cm v obálce
Mapy
Uloženo v:
LEADER 01523nem a2200361 a 4500
001 000580709
003 CZ BrMZK
005 20071003111229.0
008 011206s2001 xr f cze d
020 |a 80-7075-458-3 
040 |a BOA001  |b cze 
043 |a e-xr---  |b e-xr-st  |2 czenas 
072 7 |a 55  |x Vědy o Zemi. Geologické vědy  |2 Konspekt  |9 7 
080 |a 55  |2 MRF 
080 |a 913(437.312)  |2 MRF 
080 |a 912.43:55  |2 MRF 
080 |a (084.3)  |2 MRF 
245 0 0 |a Mapa inženýrskogeologického rajonování ČSR  |h [kartografický dokument] ; [redaktor listu M. Zeman].  |n List 13-13,  |p Brandýs nad Labem - Stará Boleslav 
246 3 0 |a Brandýs nad Labem - Stará Boleslav 
250 |a Vyd. 1. 
255 |a 1:50 000 
260 |a Praha :  |b Český geologický ústav,  |c 2001 
300 |a 2 listy ;  |c 47 x 69 cm složené na 24 x 18 cm v obálce 
490 1 |a Soubor geologických a ekologických účelových map přírodních zdrojů 
500 |a Původně vydáno v r. 1988 v edici Soubor geologických a účelových map 
650 0 7 |a geologie  |7 ph114622  |z Česko  |2 czenas 
655 7 |a geologické mapy  |7 fd132402  |2 czenas 
651 7 |a Brandýs nad Labem-Stará Boleslav (Česko)  |7 ge128810  |2 czenas 
700 1 |a Zeman, Miroslav,  |d 1946-  |7 jk01152494  |4 edt 
830 0 |a Soubor geologických a ekologických účelových map přírodních zdrojů 
910 |a BOA001  |b Mp2-1097.097 
990 |a MP 
996 6 |b 2610150222  |c Mp2-1097.097  |l MZK  |r Sklad / do 1 hodiny  |n 0  |p p.v.  |w 000580709  |u 000010  |a 1  |e BOA001  |j MZK50  |s P